Full circle (Record no. 264090)

MARC details
000 -LEADER
fixed length control field 00503nam a2200193Ia 4500
008 - FIXED-LENGTH DATA ELEMENTS--GENERAL INFORMATION
fixed length control field 191130s2009##################000#0#eng##
020 ## - INTERNATIONAL STANDARD BOOK NUMBER
ISBN 9781416594963
082 ## - DEWEY DECIMAL CLASSIFICATION NUMBER
Classification number 813.54 BEY
100 ## - MAIN ENTRY--AUTHOR NAME
Personal name Beyer, Kirsten
245 ## - TITLE STATEMENT
Title Full circle
Statement of responsibility, etc Kristen Beyer
260 ## - PUBLICATION, DISTRIBUTION, ETC. (IMPRINT)
Place of publication New York
Name of publisher Pocket Books
Year of publication 2009
300 ## - PHYSICAL DESCRIPTION
Number of Pages 564, [1] p. ; 18 cm
650 ## - SUBJECT ADDED ENTRY--TOPICAL TERM
Topical Term Star Trek fiction
991 ## -
-- 306461
Holdings
Withdrawn status Lost status Damaged status Not for loan Home library Current library Date acquired Full call number Accession Number Price effective from Koha item type
        Anna Centenary Library Anna Centenary Library 13.10.2020 813.54 BEY 448652 13.10.2020 English Books

Find us on the map